000 00677nam a2200253Ia 4500
003 OSt
005 20221006143927.0
006 a|||||r|||| 00| 0
007 ta
008 221006b |||||||| |||| 00| 0 eng d
020 _a9781855671164
_cP10.99
024 _a10,424
037 _cTextual
040 _aEASL
_cEASL
_beng
041 _2eng
_aeng
082 _aW.4295, N6
100 _aFERDINAND Peter Ed.
_9650642
245 0 _aTake-off for Taiwan?
260 _aLondon
_bRoyal Institute of International Affairs
_c1996
300 _a117p.
_ccm.
490 _v CEL
942 _hW.4295, N6
_cTEXL
_2CC
999 _c1078510
_d1078510